Estadísticas para Países por las Fronteras en 90 Segundos

Haz click aquí para tomar la prueba!

Estadísticas generales

  • Esta prueba ha sido tomada 17,942 veces
  • La puntuación promedio es 114 de 157

Estadísticas de respuestas

país % Correcto
Francia
98%
Brasil
97%
Rusia
97%
Estados Unidos
97%
China
96%
Argentina
96%
México
96%
Bolivia
96%
Perú
95%
Colombia
95%
Canadá
95%
Mongolia
95%
Paraguay
94%
Kazajistán
94%
Polonia
93%
Corea del Norte
93%
Pakistán
93%
Venezuela
93%
India
92%
Myanmar
92%
Noruega
92%
Uruguay
92%
España
92%
Finlandia
92%
Ucrania
92%
Nepal
91%
Bielorrusia
91%
Alemania
91%
Surinam
91%
Bután
90%
Suiza
89%
Libia
89%
Guyana
89%
Azerbaiyán
89%
Lituania
88%
Marruecos
87%
Sudán
87%
Letonia
86%
Chile
85%
Argelia
85%
Austria
85%
Irak
84%
Italia
84%
Reino Unido
84%
República
Centroafricana
84%
Estonia
84%
Georgia
83%
Níger
83%
Sudán del Sur
83%
Turquía
82%
Portugal
81%
Arabia Saudita
81%
Malí
81%
Rep Dem
del Congo
81%
Camerún
81%
Chad
81%
Afganistán
81%
Sudáfrica
80%
Namibia
80%
República
del Congo
79%
Zambia
79%
Zimbabue
79%
Botsuana
79%
Tanzania
78%
Omán
78%
Andorra
78%
Mauritania
78%
Irán
78%
Laos
77%
Mozambique
77%
Guatemala
77%
Egipto
77%
Jordania
76%
Angola
76%
Yemen
76%
Uganda
75%
República Checa
75%
Bélgica
75%
Dinamarca
75%
Ecuador
75%
Países Bajos
75%
Eslovenia
74%
Costa Rica
74%
Emiratos Árabes
Unidos
74%
Bulgaria
74%
Etiopía
73%
Ruanda
72%
Luxemburgo
72%
Suazilandia
72%
Vietnam
72%
Honduras
72%
Panamá
72%
Burkina Faso
71%
Lesoto
71%
Hungría
71%
Burundi
70%
Nicaragua
70%
Kuwait
70%
Gabón
70%
Catar
69%
Nigeria
69%
Armenia
69%
Kenia
68%
Serbia
67%
Rumania
67%
Grecia
67%
Sri Lanka
67%
Bangladés
67%
Somalia
66%
Indonesia
66%
Suecia
66%
Malasia
66%
Belice
66%
Tayikistán
65%
Turkmenistán
65%
Guinea
64%
Kirguistán
64%
Macedonia del
Norte
63%
Costa de Marfil
63%
El Salvador
61%
Senegal
61%
Israel
60%
Papua
Nueva Guinea
60%
Siria
60%
Yibuti
59%
Tailandia
59%
Croacia
58%
Eslovaquia
57%
Camboya
57%
Irlanda
56%
Túnez
56%
Montenegro
56%
Ciudad del
Vaticano
56%
Eritrea
56%
San Marino
56%
Benín
55%
Albania
53%
Timor Oriental
53%
Bosnia y
Herzegovina
52%
República
Dominicana
50%
Haití
50%
Ghana
49%
Togo
47%
Moldavia
46%
Kosovo
46%
Liberia
45%
Uzbekistán
44%
Sierra Leona
39%
Guinea-Bissau
36%
Malaui
34%
Corea del Sur
30%
Líbano
30%
Liechtenstein
28%
Mónaco
26%
Gambia
23%
Guinea Ecuatorial
23%
Brunéi
20%

Distribución de puntuación

Porcentaje por número respondido

Porcentaje de gente con cada puntuación

Historial de tus puntuaciones

No has tomado esta prueba